[Event "19th Amber Blindfold"]
[Site "Nice FRA"]
[Date "2010.03.15"]
[Round "3"]
[White "Gashimov, V."]
[Black "Kramnik, V."]
[Result "1/2-1/2"]
[WhiteElo "2740"]
[BlackElo "2790"]
[PlyCount "58"]
[EventDate "2010.03.13"]

1. e4 d6 2. Nc3 Nf6 3. Bc4 c6 4. Bb3 e5 5. Nf3 Be7 6. d4 Nbd7 7. O-O O-O 8. Re1
h6 9. h3 Re8 10. Be3 Bf8 11. a4 exd4 12. Bxd4 b6 13. Qd3 Qc7 14. Nh4 Nc5 15.
Bxc5 bxc5 16. Ng6 Be6 17. Nxf8 Bxb3 18. cxb3 Kxf8 19. Rad1 Rad8 20. Qc4 Nd7 21.
Ne2 Rb8 22. Ng3 Rb4 23. Qc3 Nf6 24. Nf5 Rbxe4 25. Rxe4 Rxe4 26. Nxd6 Re2 27.
Nf5 Re5 28. g4 Kg8 29. Re1 Rxe1+ 1/2-1/2

[Event "19th Amber Blindfold"]
[Site "Nice FRA"]
[Date "2010.03.15"]
[Round "3"]
[White "Svidler, P."]
[Black "Carlsen, M."]
[Result "0-1"]
[WhiteElo "2750"]
[BlackElo "2813"]
[PlyCount "50"]
[EventDate "2010.03.13"]

1. e4 c5 2. Nf3 d6 3. d4 cxd4 4. Nxd4 Nf6 5. Nc3 g6 6. Be2 Bg7 7. O-O O-O 8.
Be3 Nc6 9. Nb3 a6 10. f4 b5 11. Bf3 Bb7 12. e5 dxe5 13. fxe5 Nd7 14. e6 fxe6
15. Bg4 Rxf1+ 16. Qxf1 Nce5 17. Bxe6+ Kh8 18. Rd1 Qc7 19. Qf4 Rf8 20. Qg3 Nf6
21. Nc5 Nh5 22. Qe1 Bxg2 23. Kxg2 Nf3 24. Qh1 Nf4+ 25. Kf2 Nd4 0-1

[Event "19th Amber Blindfold"]
[Site "Nice FRA"]
[Date "2010.03.15"]
[Round "3"]
[White "Karjakin, Sergey"]
[Black "Ivanchuk, V."]
[Result "0-1"]
[WhiteElo "2725"]
[BlackElo "2748"]
[PlyCount "82"]
[EventDate "2010.03.13"]

1. e4 c5 2. Nf3 e6 3. d4 cxd4 4. Nxd4 Nc6 5. Nc3 a6 6. Nxc6 bxc6 7. Bd3 Qc7 8.
O-O Nf6 9. Qe2 d5 10. b3 Bb7 11. Bb2 Bd6 12. Kh1 Bf4 13. Rae1 O-O 14. g3 Bh6
15. e5 Nd7 16. Nd1 c5 17. f4 Rfd8 18. Kg1 Qc6 19. Nf2 c4 20. bxc4 Nc5 21. cxd5
Rxd5 22. Ne4 Rad8 23. Nxc5 Rxc5 24. Qe4 Qxe4 25. Bxe4 Bxe4 26. Rxe4 Rxc2 27.
Rd4 Rdc8 28. Rfd1 g5 29. Rd8+ Rxd8 30. Rxd8+ Kg7 31. f5 g4 32. Ba3 Be3+ 33. Kf1
Rf2+ 34. Ke1 Rxf5 35. Bf8+ Kg6 36. Bd6 h5 37. Ra8 Bg1 38. Rxa6 Bxh2 39. Ra3 h4
40. gxh4 g3 41. Ra8 Kh7 0-1

[Event "19th Amber Blindfold"]
[Site "Nice FRA"]
[Date "2010.03.15"]
[Round "3"]
[White "Smeets, J."]
[Black "Aronian, L."]
[Result "0-1"]
[WhiteElo "2651"]
[BlackElo "2782"]
[PlyCount "118"]
[EventDate "2010.03.13"]

1. e4 e5 2. Nf3 Nc6 3. Bb5 Nge7 4. O-O g6 5. c3 a6 6. Ba4 Bg7 7. d4 exd4 8.
cxd4 b5 9. Bb3 d6 10. h3 O-O 11. Nc3 Na5 12. Bc2 c5 13. dxc5 dxc5 14. Qxd8 Rxd8
15. Be3 Nb7 16. e5 Bf5 17. Be4 Bxe4 18. Nxe4 Rd5 19. Bg5 Nc6 20. Nf6+ Bxf6 21.
Bxf6 Nd4 22. Rfd1 h6 23. Kf1 a5 24. Rac1 Nd8 25. Nxd4 cxd4 26. Bxd8 Raxd8 27.
f4 g5 28. g3 d3 29. Kf2 d2 30. Rc3 b4 31. Re3 Kg7 32. f5 Rc8 33. Ke2 Rc2 34. e6
fxe6 35. fxe6 Kf8 36. Rd3 Rxd3 37. Kxd3 Rxb2 38. Rxd2 Rxd2+ 39. Kxd2 Ke7 40.
Kd3 Kxe6 41. Kc4 Kf5 42. Kb5 g4 43. h4 Ke4 44. Kxa5 Kf3 45. Kxb4 Kxg3 46. a4
Kxh4 47. a5 g3 48. a6 g2 49. a7 g1=Q 50. a8=Q h5 51. Qd5 Qg4+ 52. Ka3 Kg3 53.
Qe5+ Kh3 54. Qd5 Kh2 55. Qd2+ Qg2 56. Qd4 Qg3+ 57. Ka2 h4 58. Ka1 Qg1+ 59. Ka2
Qxd4 0-1

[Event "19th Amber Blindfold"]
[Site "Nice FRA"]
[Date "2010.03.16"]
[Round "4"]
[White "Ivanchuk, V."]
[Black "Aronian, L."]
[Result "1/2-1/2"]
[WhiteElo "2748"]
[BlackElo "2782"]
[PlyCount "49"]
[EventDate "2010.03.13"]

1. e4 e5 2. Nf3 Nc6 3. Bb5 Nf6 4. d3 Bc5 5. O-O Nd4 6. Nxd4 Bxd4 7. Nd2 c6 8.
Ba4 d6 9. Bb3 O-O 10. c3 Bb6 11. Nc4 Bc7 12. Bg5 h6 13. Bh4 Re8 14. Ne3 a5 15.
Kh1 g5 16. Bg3 Bb6 17. Re1 Kg7 18. f3 Bxe3 19. Rxe3 Nh5 20. Bf2 Nf4 21. d4 Qf6
22. Bc4 h5 23. Bf1 h4 24. Qd2 Rh8 25. Kg1 1/2-1/2

[Event "19th Amber Blindfold"]
[Site "Nice FRA"]
[Date "2010.03.16"]
[Round "4"]
[White "Svidler, P."]
[Black "Karjakin, Sergey"]
[Result "0-1"]
[WhiteElo "2750"]
[BlackElo "2725"]
[PlyCount "96"]
[EventDate "2010.03.13"]

1. e4 c5 2. Nf3 d6 3. d4 cxd4 4. Nxd4 Nf6 5. Nc3 a6 6. Be3 e5 7. Nb3 Be6 8. Qd2
Nbd7 9. O-O-O Be7 10. f4 b5 11. f5 Bc4 12. Kb1 h5 13. Bd3 Qc7 14. a3 Rb8 15.
Qe2 Bxd3 16. Qxd3 b4 17. axb4 Rxb4 18. Bg5 O-O 19. g4 hxg4 20. h3 g3 21. Qxg3
Rc8 22. Qg2 Kf8 23. Rhg1 Ke8 24. Bxf6 Nxf6 25. Nd5 Nxd5 26. Rxd5 Qc4 27. Re1
Kf8 28. Re3 Qc7 29. Rg3 Bf6 30. Rc3 Rc4 31. Rxc4 Qxc4 32. Rxd6 a5 33. Rd3 Qb4
34. Nc1 a4 35. Qe2 Rb8 36. c3 Qb7 37. Rd5 Kg8 38. Ra5 Qc6 39. Qc2 Bg5 40. Rxa4
Rd8 41. Qb3 Qc5 42. Nd3 Rxd3 43. Ra8+ Bd8 44. Qa4 Kh7 45. Ka2 Rd2 46. Qb3 Qc7
47. Qb5 Kh6 48. Qe8 Kg5 0-1

[Event "19th Amber Blindfold"]
[Site "Nice FRA"]
[Date "2010.03.16"]
[Round "4"]
[White "Ponomariov, R."]
[Black "Gashimov, V."]
[Result "1/2-1/2"]
[WhiteElo "2737"]
[BlackElo "2740"]
[PlyCount "135"]
[EventDate "2010.03.13"]

1. d4 Nf6 2. c4 e6 3. Nf3 c5 4. d5 d6 5. Nc3 exd5 6. cxd5 g6 7. Nd2 Bg7 8. e4
O-O 9. Be2 Re8 10. O-O a6 11. a4 Nbd7 12. f4 Rb8 13. Kh1 Qc7 14. e5 dxe5 15.
Nc4 e4 16. f5 Ra8 17. Bf4 Qd8 18. g4 h6 19. Nd6 Rf8 20. g5 hxg5 21. Bxg5 Qb6
22. Ndxe4 Nxe4 23. Nxe4 gxf5 24. Ng3 Ne5 25. Qc2 Qg6 26. Bf4 Re8 27. Nh5 Ng4
28. Nxg7 Kxg7 29. Ra3 Bd7 30. h3 Re4 31. hxg4 Rh8+ 32. Bh2 Qh6 33. Bf3 Rd4 34.
g5 Qh3 35. Qg2 Qxg2+ 36. Bxg2 Rdh4 37. Kg1 Rxh2 38. Rc3 R2h5 39. Rxc5 Rxg5 40.
b3 f4 41. Rxf4 Bh3 42. Rf2 Rh6 43. Rc3 Bxg2 44. Rxg2 Rhg6 45. Rxg5 Rxg5+ 46.
Kf2 Rxd5 47. Rc7 b5 48. Rc6 bxa4 49. bxa4 a5 50. Ke3 f6 51. Rb6 Kf7 52. Ke4 Rg5
53. Rb8 Rh5 54. Kf4 Re5 55. Ra8 Rc5 56. Ke4 Ke7 57. Ra7+ Ke6 58. Ra6+ Kf7 59.
Ra8 Rh5 60. Kf4 Re5 61. Rb8 Ke7 62. Rb7+ Kd6 63. Rb6+ Ke7 64. Rb7+ Ke6 65. Rb6+
Kf7 66. Rb8 Kg6 67. Rg8+ Kf7 68. Rb8 1/2-1/2

[Event "19th Amber Blindfold"]
[Site "Nice FRA"]
[Date "2010.03.16"]
[Round "4"]
[White "Grischuk, A."]
[Black "Dominguez Perez, L."]
[Result "1-0"]
[WhiteElo "2756"]
[BlackElo "2713"]
[PlyCount "125"]
[EventDate "2010.03.13"]

1. e4 c5 2. Nf3 d6 3. d4 cxd4 4. Nxd4 Nf6 5. Nc3 a6 6. Bg5 e6 7. f4 Be7 8. Qf3
Qc7 9. O-O-O Nbd7 10. g4 h6 11. Bxf6 Bxf6 12. h4 Qb6 13. Nb3 Qc7 14. e5 dxe5
15. g5 Be7 16. f5 Nb6 17. f6 gxf6 18. gxf6 Bb4 19. Ne4 Bd7 20. a3 Bf8 21. Rh2
O-O-O 22. Rhd2 Kb8 23. Qh5 Rc8 24. Qxf7 Nd5 25. Kb1 Bc6 26. Qxc7+ Nxc7 27. Bd3
b6 28. Re2 Rd8 29. Nbd2 b5 30. Nf3 Bd6 31. Rf1 Rhf8 32. Nxd6 Bxf3 33. Rxf3 Rxd6
34. Rxe5 Rd5 35. Rxd5 Nxd5 36. f7 Kc7 37. c4 Ne7 38. cxb5 axb5 39. Rf6 Kd6 40.
Bxb5 Ke5 41. Rf1 Nf5 42. Bc4 Kd6 43. Rd1+ Ke7 44. Re1 Ng7 45. a4 Rxf7 46. a5
Rf4 47. b3 Kd6 48. Kb2 Rf7 49. Kc3 Re7 50. b4 Ne8 51. b5 Kc5 52. b6 Nd6 53.
Re5+ Kc6 54. Bxe6 Rg7 55. Kb4 Nb7 56. Bd5+ Kd6 57. Bxb7 Kxe5 58. a6 Rg4+ 59.
Kc5 Rg1 60. a7 Rc1+ 61. Kb5 Rb1+ 62. Kc6 Rc1+ 63. Kd7 1-0

[Event "19th Amber Blindfold"]
[Site "Nice FRA"]
[Date "2010.03.18"]
[Round "5"]
[White "Gashimov, V."]
[Black "Grischuk, A."]
[Result "1/2-1/2"]
[WhiteElo "2740"]
[BlackElo "2756"]
[PlyCount "66"]
[EventDate "2010.03.13"]

1. e4 c5 2. Nf3 d6 3. d4 cxd4 4. Nxd4 Nf6 5. Nc3 a6 6. Bg5 e6 7. f4 Qb6 8. Qd3
Qxb2 9. Rb1 Qa3 10. f5 Be7 11. fxe6 fxe6 12. Be2 Qa5 13. Bd2 Qc7 14. g4 h6 15.
g5 hxg5 16. e5 dxe5 17. Nf3 e4 18. Nxe4 Nxe4 19. Qxe4 O-O 20. Nxg5 Bxg5 21.
Bxg5 Nc6 22. Rb3 Qe5 23. Qxe5 Nxe5 24. Rg3 b5 25. Rhg1 Ra7 26. Be3 Rd7 27. Bh6
Rff7 28. Bh5 Kh7 29. Bxf7 Rxf7 30. Bxg7 Nf3+ 31. Rxf3 Rxf3 32. Bb2 e5 33. Rg3
Rxg3 1/2-1/2

[Event "19th Amber Blindfold"]
[Site "Nice FRA"]
[Date "2010.03.18"]
[Round "5"]
[White "Karjakin, Sergey"]
[Black "Carlsen, M."]
[Result "0-1"]
[WhiteElo "2725"]
[BlackElo "2813"]
[PlyCount "128"]
[EventDate "2010.03.13"]

1. e4 e5 2. Nf3 Nc6 3. Bb5 Nf6 4. d3 d6 5. O-O Be7 6. c3 a6 7. Ba4 O-O 8. Nbd2
Nd7 9. Bc2 Nb6 10. d4 exd4 11. Nxd4 Nxd4 12. cxd4 f5 13. Bb3+ Kh8 14. e5 f4 15.
exd6 Qxd6 16. Re1 f3 17. Nxf3 Bg4 18. Re3 Bh4 19. Qd3 Bxf3 20. Rxf3 Rxf3 21.
gxf3 Re8 22. Be3 Nd5 23. Kh1 Nxe3 24. fxe3 Bf2 25. Bc2 g6 26. Rf1 Bxe3 27. Re1
Qf4 28. Qe2 Re7 29. d5 Re5 30. Be4 Bc5 31. Qc2 Bd6 32. Re2 Kg7 33. Rg2 Rh5 34.
Bxg6 Rxh2+ 35. Rxh2 Qxf3+ 36. Kg1 Bxh2+ 37. Kxh2 Qf4+ 38. Kg2 hxg6 39. Qc3+ Kf8
40. Qb3 b5 41. Qa3+ Qd6 42. Qd3 Qf6 43. Qc2 Qg5+ 44. Kh2 Qe5+ 45. Kg1 Qg5+ 46.
Kh2 Qe5+ 47. Kg1 g5 48. Qg6 a5 49. Qa6 Qd4+ 50. Kf1 Qb6 51. Qc8+ Ke7 52. Ke2
Qd6 53. Qa8 a4 54. b3 Qh2+ 55. Kd3 Qxa2 56. d6+ Kd7 57. dxc7 Qxb3+ 58. Ke4 Qe6+
59. Kf3 Qf5+ 60. Ke3 Qc5+ 61. Ke4 Kxc7 62. Qa5+ Kb7 63. Qd2 Qc4+ 64. Kf5 Qf4+
0-1

[Event "19th Amber Blindfold"]
[Site "Nice FRA"]
[Date "2010.03.18"]
[Round "5"]
[White "Smeets, J."]
[Black "Ivanchuk, V."]
[Result "1/2-1/2"]
[WhiteElo "2651"]
[BlackElo "2748"]
[PlyCount "126"]
[EventDate "2010.03.13"]

1. e4 c6 2. d4 d5 3. Nc3 dxe4 4. Nxe4 Bf5 5. Ng3 Bg6 6. h4 h6 7. Nf3 Nd7 8. h5
Bh7 9. Bd3 Bxd3 10. Qxd3 e6 11. Bf4 Qa5+ 12. Bd2 Qc7 13. O-O-O Ngf6 14. Ne4
O-O-O 15. g3 Nc5 16. Nxc5 Bxc5 17. Qe2 Bb6 18. Bf4 Qe7 19. c4 Rhe8 20. Kb1 Bc7
21. Ne5 Nd7 22. a3 Nxe5 23. dxe5 Rxd1+ 24. Rxd1 Rd8 25. Kc2 Rxd1 26. Kxd1 Qc5
27. Ke1 Qd4 28. Kf1 Kd7 29. Kg2 Ke8 30. b3 a6 31. Qe3 Qxe3 32. fxe3 Kd7 33. Kf3
Bd8 34. Ke4 Be7 35. a4 Kc7 36. Kd3 Kb6 37. g4 Ka5 38. Bg3 b5 39. axb5 cxb5 40.
Be1+ Kb6 41. e4 a5 42. cxb5 Kxb5 43. Bf2 Kb4 44. Be1+ Kb5 45. Bf2 Bd8 46. Be3
Bc7 47. Bd4 Bb6 48. Bc3 Bf2 49. Bd2 Bg3 50. Bc3 Bh2 51. Kc2 a4 52. bxa4+ Kxa4
53. Kd3 Kb3 54. Bd4 Bf4 55. Ba1 Bc1 56. Kd4 Ba3 57. Bc3 Bb4 58. Ba1 g6 59. Kd3
gxh5 60. gxh5 Bc5 61. Bc3 Be7 62. Bd2 Bf8 63. Bc3 Be7 1/2-1/2

[Event "19th Amber Blindfold"]
[Site "Nice FRA"]
[Date "2010.03.19"]
[Round "6"]
[White "Ivanchuk, V."]
[Black "Ponomariov, R."]
[Result "1/2-1/2"]
[WhiteElo "2748"]
[BlackElo "2737"]
[PlyCount "135"]
[EventDate "2010.03.13"]

1. e4 e5 2. Nf3 Nc6 3. Bb5 a6 4. Ba4 g6 5. d4 b5 6. Bb3 exd4 7. a4 bxa4 8. Rxa4
Bg7 9. Nxd4 Nxd4 10. Rxd4 Ne7 11. Bg5 O-O 12. Rd2 h6 13. Be3 d6 14. O-O Be6 15.
c3 Qb8 16. Bxe6 fxe6 17. Na3 Kh7 18. Re1 Qb7 19. Bd4 e5 20. Be3 Ng8 21. f3 Nf6
22. Qe2 Nh5 23. Ra1 Nf4 24. Bxf4 Rxf4 25. Nc4 h5 26. Rd5 Bh6 27. Rda5 Rf7 28.
Kh1 Bf4 29. b4 Rff8 30. Qa2 Qb8 31. Rxa6 Rxa6 32. Qxa6 Qd8 33. Qa7 Qh4 34. Qg1
Bg3 35. Ne3 Rf4 36. Nd5 Rf7 37. b5 g5 38. Ne3 Bf2 39. Qc1 Bxe3 40. Qxe3 g4 41.
Rf1 Kg6 42. c4 Qd8 43. Kg1 Qa8 44. fxg4 Rxf1+ 45. Kxf1 hxg4 46. Kf2 Kh5 47. h3
Qf8+ 48. Ke2 Qa8 49. hxg4+ Kxg4 50. Qf3+ Kh4 51. Qh3+ Kg5 52. Qf5+ Kh4 53. Qf6+
Kg3 54. Qg6+ Kh2 55. Kf3 Qa2 56. Qh6+ Kg1 57. Qc1+ Kh2 58. Qf1 Qd2 59. Kg4 Qh6
60. Qf7 Kxg2 61. Qf3+ Kg1 62. Qg3+ Kf1 63. Kf5 Qf8+ 64. Ke6 Qe8+ 65. Kf6 Qf8+
66. Ke6 Qe8+ 67. Kf6 Qf8+ 68. Ke6 1/2-1/2

[Event "19th Amber Blindfold"]
[Site "Nice FRA"]
[Date "2010.03.19"]
[Round "6"]
[White "Svidler, P."]
[Black "Grischuk, A."]
[Result "0-1"]
[WhiteElo "2750"]
[BlackElo "2756"]
[PlyCount "62"]
[EventDate "2010.03.13"]

1. d4 Nf6 2. c4 e6 3. Nf3 d5 4. Nc3 c6 5. e3 Nbd7 6. Bd3 dxc4 7. Bxc4 b5 8. Bd3
Bb7 9. e4 b4 10. Na4 c5 11. e5 Nd5 12. O-O cxd4 13. Nxd4 Be7 14. Qh5 g6 15. Qe2
O-O 16. Bb5 a6 17. Nc6 axb5 18. Nxd8 Rfxd8 19. Qxb5 Ba6 20. Qc6 Bd3 21. Re1
Rac8 22. Qb7 Rc7 23. Qxc7 Nxc7 24. a3 Ra8 25. axb4 Bxb4 26. Rd1 Bb5 27. b3 Nd5
28. Bb2 Rb8 29. Bd4 Kg7 30. g3 g5 31. Rac1 Be2 0-1

[Event "19th Amber Blindfold"]
[Site "Nice FRA"]
[Date "2010.03.19"]
[Round "6"]
[White "Karjakin, Sergey"]
[Black "Dominguez Perez, L."]
[Result "1-0"]
[WhiteElo "2725"]
[BlackElo "2713"]
[PlyCount "65"]
[EventDate "2010.03.13"]

1. e4 c5 2. Nf3 d6 3. d4 cxd4 4. Nxd4 Nf6 5. Nc3 a6 6. Be3 e5 7. Nb3 Be6 8. f3
h5 9. Qd2 Nbd7 10. O-O-O Be7 11. Kb1 Qc7 12. g3 b5 13. Nd5 Bxd5 14. exd5 Nb6
15. Bxb6 Qxb6 16. Na5 Rc8 17. Bg2 O-O 18. f4 exf4 19. Nc6 Rfe8 20. Qxf4 Bf8 21.
Rd4 Rc7 22. Bf3 Nd7 23. Bxh5 g6 24. Bf3 Ne5 25. Re4 Bg7 26. h4 Rec8 27. h5 Qf2
28. Bg4 Qg2 29. Rd1 Nxc6 30. Re2 Qxe2 31. Bxe2 Nd4 32. Bd3 Nxc2 33. hxg6 1-0

[Event "19th Amber Blindfold"]
[Site "Nice FRA"]
[Date "2010.03.19"]
[Round "6"]
[White "Aronian, L."]
[Black "Gashimov, V."]
[Result "1-0"]
[WhiteElo "2782"]
[BlackElo "2740"]
[PlyCount "75"]
[EventDate "2010.03.13"]

1. d4 Nf6 2. c4 e6 3. Nf3 c5 4. d5 d6 5. Nc3 exd5 6. cxd5 g6 7. Bf4 a6 8. Nd2
b5 9. a4 Nh5 10. Be3 b4 11. Nce4 f5 12. g4 fxg4 13. h3 g3 14. fxg3 Bg7 15. Bg5
Nf6 16. Bg2 O-O 17. O-O Bf5 18. Nxf6+ Bxf6 19. Bxf6 Rxf6 20. e4 Bc8 21. e5
Rxf1+ 22. Qxf1 dxe5 23. d6 Ra7 24. Qc4+ Kg7 25. Qxc5 Rf7 26. Rc1 Bf5 27. Qxe5+
Kh6 28. Qe3+ g5 29. h4 Kg7 30. Bd5 Rd7 31. Rc7 gxh4 32. g4 Bg6 33. Be6 Qe8 34.
Qe5+ Kh6 35. g5+ Kh5 36. Ne4 Bxe4 37. Bg4+ Kxg4 38. Qxe8 1-0

[Event "19th Amber Blindfold"]
[Site "Nice FRA"]
[Date "2010.03.19"]
[Round "6"]
[White "Smeets, J."]
[Black "Kramnik, V."]
[Result "1-0"]
[WhiteElo "2651"]
[BlackElo "2790"]
[PlyCount "81"]
[EventDate "2010.03.13"]

1. e4 d6 2. d4 Nf6 3. Nc3 g6 4. f4 Bg7 5. Nf3 O-O 6. Bd3 Na6 7. O-O c5 8. d5
Rb8 9. Qe1 Nb4 10. Qh4 c4 11. Bxc4 Nxc2 12. Rb1 Ng4 13. Bd3 Qb6+ 14. Kh1 Nce3
15. Re1 h5 16. Re2 f5 17. h3 fxe4 18. hxg4 exd3 19. Bxe3 Qb4 20. a3 Qc4 21. Nd2
Qa6 22. Ree1 Bxg4 23. Qxe7 Rbe8 24. Qh4 Qa5 25. Qf2 Qd8 26. Bxa7 Rxe1+ 27. Rxe1
Rxf4 28. Qe3 Be5 29. Kg1 Bf5 30. Nf3 Rxf3 31. Qxf3 Bh2+ 32. Kf1 d2 33. Rd1 Bg4
34. Qd3 Qf6+ 35. Bf2 Bxd1 36. Nxd1 Bf4 37. Qe4 Kh7 38. Ke2 Be5 39. Qf3 Qg7 40.
Nc3 Bd4 41. Kxd2 1-0

[Event "19th Amber Blindfold"]
[Site "Nice FRA"]
[Date "2010.03.19"]
[Round "6"]
[White "Carlsen, M."]
[Black "Gelfand, B."]
[Result "1-0"]
[WhiteElo "2813"]
[BlackElo "2750"]
[PlyCount "101"]
[EventDate "2010.03.13"]

1. e4 e5 2. Nf3 Nf6 3. Nc3 Nc6 4. Bb5 Nd4 5. Bc4 d6 6. Nxd4 exd4 7. Nd5 Nd7 8.
d3 c6 9. Nf4 g6 10. a3 Bg7 11. O-O O-O 12. Ba2 Nc5 13. Bd2 Qh4 14. Ne2 Be6 15.
Ng3 Bxa2 16. Rxa2 d5 17. exd5 cxd5 18. a4 Rac8 19. f4 f5 20. Qf3 Qd8 21. b4 Ne6
22. Ne2 Qd7 23. Qf2 Rc7 24. Kh1 Rfc8 25. Rc1 Qd6 26. Ng1 Bh6 27. g3 Bg7 28. Nf3
Bf6 29. Qg2 Kf7 30. Rb2 Kg8 31. Be1 Qd7 32. b5 Nc5 33. Ra1 Ne6 34. Bb4 a6 35.
Re1 axb5 36. axb5 b6 37. Ne5 Qxb5 38. Nxg6 hxg6 39. Rxe6 Rc6 40. Re2 Kh7 41. g4
fxg4 42. Qxg4 Qa4 43. f5 Bg7 44. Rb1 gxf5 45. Qxf5+ Kh8 46. Rg2 Rxc2 47. Qh5+
Kg8 48. Rxg7+ Kxg7 49. Rg1+ Kf6 50. Qg6+ Ke5 51. Bd6# 1-0

[Event "19th Amber Blindfold"]
[Site "Nice FRA"]
[Date "2010.03.20"]
[Round "7"]
[White "Gelfand, B."]
[Black "Smeets, J."]
[Result "1/2-1/2"]
[WhiteElo "2750"]
[BlackElo "2651"]
[PlyCount "98"]
[EventDate "2010.03.13"]

1. c4 c6 2. Nf3 d5 3. e3 Nf6 4. Nc3 e6 5. b3 Bd6 6. Bb2 O-O 7. Be2 Nbd7 8. O-O
Qe7 9. Qc2 a6 10. d4 b5 11. e4 e5 12. cxd5 cxd5 13. dxe5 Nxe5 14. Nxd5 Nxd5 15.
exd5 Bb7 16. Rad1 Rac8 17. Qd2 Ng6 18. Rfe1 Qd7 19. Bf1 Nf4 20. Ne5 Qf5 21. Nc6
Nxd5 22. Qxd5 Qxd5 23. Rxd5 Rxc6 24. Red1 Bb4 25. R5d4 Bc5 26. Rd8 Bb6 27. R8d7
Rc2 28. Bd4 Bxd4 29. R1xd4 Bc8 30. Rd2 Bxd7 31. Rxc2 Rc8 32. Rxc8+ Bxc8 33. f4
Kf8 34. Kf2 Ke7 35. Ke3 Kd6 36. Kd4 Be6 37. Bd3 h6 38. g3 f6 39. Be2 Kc6 40.
Bf3+ Kd6 41. Be2 Kc6 42. Kc3 a5 43. a3 Kc5 44. b4+ axb4+ 45. axb4+ Kc6 46. Kd4
Bd7 47. Bf3+ Kd6 48. Be4 Be6 49. Bd3 Bd7 1/2-1/2

[Event "19th Amber Blindfold"]
[Site "Nice FRA"]
[Date "2010.03.20"]
[Round "7"]
[White "Gashimov, V."]
[Black "Carlsen, M."]
[Result "1-0"]
[WhiteElo "2740"]
[BlackElo "2813"]
[PlyCount "85"]
[EventDate "2010.03.13"]

1. e4 e5 2. Nf3 Nc6 3. Bb5 Nf6 4. O-O Nxe4 5. d4 Nd6 6. Bxc6 dxc6 7. dxe5 Nf5
8. Qxd8+ Kxd8 9. Nc3 Ke8 10. Ne2 c5 11. Nf4 b6 12. Nd5 Kd7 13. Ng5 Kc6 14. c4
Be6 15. Rd1 Nd4 16. Be3 Bxd5 17. cxd5+ Kxd5 18. Rac1 Be7 19. Nf3 Bd8 20. Bxd4
cxd4 21. Rxd4+ Ke6 22. Rc6+ Ke7 23. Rd5 Re8 24. Nd4 Kf8 25. g3 g6 26. Kg2 Re7
27. f4 Ke8 28. f5 gxf5 29. Rh6 c6 30. Nxc6 Re6 31. Rxe6+ fxe6 32. Rd6 Bc7 33.
Rxe6+ Kd7 34. Rh6 Re8 35. Kf3 Re6 36. Rxe6 Kxe6 37. Kf4 a5 38. Nd4+ Kd5 39. Nf3
Ke6 40. Kg5 Bd8+ 41. Kh6 Kd5 42. Kxh7 Ke4 43. Kg6 1-0

[Event "19th Amber Blindfold"]
[Site "Nice FRA"]
[Date "2010.03.20"]
[Round "7"]
[White "Dominguez Perez, L."]
[Black "Svidler, P."]
[Result "1/2-1/2"]
[WhiteElo "2713"]
[BlackElo "2750"]
[PlyCount "87"]
[EventDate "2010.03.13"]

1. e4 e5 2. Nf3 Nc6 3. Bb5 a6 4. Ba4 Nf6 5. O-O Be7 6. Re1 b5 7. Bb3 d6 8. c3
O-O 9. h3 Na5 10. Bc2 c5 11. d4 Qc7 12. Nbd2 cxd4 13. cxd4 Nc6 14. Nb3 a5 15.
Be3 a4 16. Nbd2 Bd7 17. Rc1 Qb7 18. Nf1 Rfe8 19. Ng3 Bd8 20. Qe2 h6 21. dxe5
dxe5 22. Bd3 Nb4 23. Rc5 Nxd3 24. Qxd3 Ba5 25. Bd2 Bb6 26. Rxe5 Rxe5 27. Nxe5
Be6 28. Qf3 Bd4 29. Nd3 Rd8 30. Ba5 Re8 31. a3 Bc4 32. Bc3 Bxc3 33. bxc3 Qd7
34. Nb4 Qd2 35. Re3 Qc1+ 36. Kh2 Qxa3 37. Nf5 Kh7 38. e5 Nd7 39. Qg4 g6 40. Qf4
g5 41. Qf3 Re6 42. Nd6 Nxe5 43. Qf5+ Kg7 44. Nxc4 1/2-1/2

[Event "19th Amber Blindfold"]
[Site "Nice FRA"]
[Date "2010.03.20"]
[Round "7"]
[White "Ponomariov, R."]
[Black "Karjakin, Sergey"]
[Result "0-1"]
[WhiteElo "2737"]
[BlackElo "2725"]
[PlyCount "142"]
[EventDate "2010.03.13"]

1. d4 Nf6 2. c4 e6 3. g3 d5 4. Nf3 Be7 5. Bg2 O-O 6. O-O dxc4 7. Qc2 a6 8. Qxc4
b5 9. Qc2 Bb7 10. Bd2 Bd6 11. Ng5 Bxg2 12. Kxg2 Nbd7 13. e4 e5 14. dxe5 Nxe5
15. f4 Nc4 16. b3 Nxd2 17. Nxd2 h6 18. Ngf3 Bb4 19. Rf2 Qe7 20. e5 Nd5 21. Re2
Bc5 22. Rae1 Nb4 23. Qb1 Rad8 24. Ne4 Bb6 25. f5 Nd3 26. Rf1 Qd7 27. f6 g6 28.
Nd6 cxd6 29. Qxd3 dxe5 30. Qe4 Rfe8 31. Qh4 h5 32. Qg5 Bc5 33. Rxe5 Rxe5 34.
Qxe5 Bf8 35. Re1 Qc6 36. Re2 Rd6 37. Qe8 Rxf6 38. Qxc6 Rxc6 39. a4 bxa4 40.
bxa4 Rc4 41. Ne5 Rxa4 42. Rf2 Re4 43. Nxf7 Be7 44. h4 a5 45. Ng5 Bxg5 46. hxg5
Re6 47. g4 hxg4 48. Ra2 Ra6 49. Ra4 Kf7 50. Kg3 Ke6 51. Kxg4 Kd5 52. Kf4 Kc5
53. Ke3 Kb5 54. Ra2 a4 55. Kd3 a3 56. Kc2 Kc4 57. Kb1 Ra5 58. Rg2 Kd4 59. Ka2
Ke4 60. Rf2 Rxg5 61. Kxa3 Rf5 62. Rg2 g5 63. Kb3 Kf3 64. Rg1 g4 65. Rf1+ Ke4
66. Re1+ Kf4 67. Rf1+ Kg5 68. Rg1 Rd5 69. Kc3 Kf4 70. Rf1+ Ke3 71. Kc4 Rd8 0-1

[Event "19th Amber Rapid"]
[Site "Nice FRA"]
[Date "2010.03.15"]
[Round "3"]
[White "Ivanchuk, V."]
[Black "Karjakin, Sergey"]
[Result "1/2-1/2"]
[WhiteElo "2748"]
[BlackElo "2725"]
[PlyCount "88"]
[EventDate "2010.03.13"]

1. d4 d5 2. c4 c6 3. Nf3 Nf6 4. e3 Bg4 5. h3 Bxf3 6. Qxf3 e6 7. Nc3 Nbd7 8. Bd3
Bb4 9. O-O O-O 10. Rd1 Re8 11. Qe2 a6 12. Bd2 Ba5 13. Be1 Bc7 14. Rac1 Qe7 15.
Qc2 Rad8 16. Qb3 dxc4 17. Bxc4 Nb6 18. Bf1 e5 19. dxe5 Qxe5 20. g3 Rxd1 21.
Rxd1 Rd8 22. Rxd8+ Bxd8 23. Bg2 Qc7 24. Ne2 Nbd7 25. Bc3 Be7 26. Qc2 g6 27. b3
Bd6 28. Nf4 Ne8 29. Nd3 Ng7 30. Bb2 Be7 31. h4 Bf6 32. Ba3 Nf5 33. Bh3 Nd6 34.
h5 Nb5 35. Bb4 a5 36. Be1 Ne5 37. Nxe5 Qxe5 38. hxg6 hxg6 39. Bf1 Nc3 40. a4 b5
41. Bxc3 Qxc3 42. Qxc3 Bxc3 43. axb5 cxb5 44. Bxb5 g5 1/2-1/2

[Event "19th Amber Rapid"]
[Site "Nice FRA"]
[Date "2010.03.15"]
[Round "3"]
[White "Aronian, L."]
[Black "Smeets, J."]
[Result "1-0"]
[WhiteElo "2782"]
[BlackElo "2651"]
[PlyCount "73"]
[EventDate "2010.03.13"]

1. d4 d5 2. c4 c6 3. cxd5 cxd5 4. Nc3 Nc6 5. e4 dxe4 6. d5 Ne5 7. Bf4 Ng6 8.
Bg3 f5 9. h4 f4 10. Bh2 e5 11. dxe6 Bxe6 12. h5 Ne5 13. Bxf4 Nd3+ 14. Bxd3 Qxd3
15. Qa4+ Qd7 16. Qxe4 Nf6 17. Qe2 Bb4 18. Rd1 Qc6 19. Rh3 O-O 20. Rd6 Bxd6 21.
Qxe6+ Rf7 22. Qxd6 Qxg2 23. Rg3 Re8+ 24. Be3 Qh1 25. h6 Qh5 26. Rxg7+ Rxg7 27.
hxg7 Ng4 28. Nd5 Qe5 29. Qd7 Qe6 30. Qxb7 Rd8 31. Ne7+ Kxg7 32. Nf5+ Kf6 33.
Qg7+ Kxf5 34. Qg5+ Ke4 35. f3+ Kd3 36. Qxd8+ Kxe3 37. Qd2# 1-0

[Event "19th Amber Rapid"]
[Site "Nice FRA"]
[Date "2010.03.16"]
[Round "4"]
[White "Smeets, J."]
[Black "Carlsen, M."]
[Result "0-1"]
[WhiteElo "2651"]
[BlackElo "2813"]
[PlyCount "112"]
[EventDate "2010.03.13"]

1. e4 e5 2. Nf3 Nc6 3. Bb5 a6 4. Ba4 Nf6 5. O-O Be7 6. Re1 b5 7. Bb3 d6 8. c3
O-O 9. h3 Nb8 10. d4 Nbd7 11. Nbd2 Bb7 12. Bc2 c5 13. Nf1 cxd4 14. cxd4 exd4
15. Nxd4 Re8 16. Nf5 Bf8 17. Nxd6 Bxd6 18. Qxd6 Rc8 19. Bb3 Nxe4 20. Qf4 Nef6
21. Rxe8+ Qxe8 22. Be3 Nd5 23. Qd4 N7f6 24. Bd2 Qe4 25. Qxe4 Nxe4 26. Rc1 Rxc1
27. Bxc1 Nc5 28. Bc2 Nb4 29. Be3 Nxc2 30. Bxc5 Ne1 31. Ne3 Nd3 32. b4 a5 33. a3
Nxc5 34. bxc5 b4 35. axb4 axb4 36. Kf1 b3 37. Nd1 Kf8 38. g3 g5 39. Ke2 Bg2 40.
h4 gxh4 41. gxh4 Kg7 42. Kd3 Kg6 43. Kc4 Kh5 44. Kxb3 Kxh4 45. Ne3 Bb7 46. Kc4
h5 47. Kd4 Kg5 48. Ke5 h4 49. f4+ Kg6 50. Ng4 h3 51. Nh2 f6+ 52. Ke6 Bg2 53.
Ng4 Kh5 54. Nf2 h2 55. Kxf6 Kh4 56. Ke5 Kg3 0-1

[Event "19th Amber Rapid"]
[Site "Nice FRA"]
[Date "2010.03.16"]
[Round "4"]
[White "Aronian, L."]
[Black "Ivanchuk, V."]
[Result "0-1"]
[WhiteElo "2782"]
[BlackElo "2748"]
[PlyCount "74"]
[EventDate "2010.03.13"]

1. Nf3 Nf6 2. c4 e6 3. g3 a6 4. Bg2 b5 5. b3 Bb7 6. Nc3 b4 7. Na4 d6 8. d4 Nbd7
9. a3 a5 10. O-O c5 11. Bb2 Qc7 12. Re1 Be4 13. Bh3 Be7 14. Ng5 Bg6 15. axb4 h6
16. Nxe6 fxe6 17. bxc5 dxc5 18. Bxe6 cxd4 19. Qxd4 Nc5 20. Qe3 Nxe6 21. Bxf6
Bxf6 22. Qxe6+ Qe7 23. Qc6+ Kf7 24. Qd5+ Qe6 25. Qb7+ Be7 26. Nc5 Qf5 27. Nd7
Rhd8 28. Rad1 Qe4 29. Rd5 Kg8 30. Qb6 Kh7 31. h4 Bxh4 32. Rd4 Qf5 33. Rd5 Qh3
34. Qd4 Bxg3 35. Nf6+ gxf6 36. fxg3 Qxg3+ 37. Kf1 Bf5 0-1